Diego García de Paredes : (Registro nro. 196656)
[ vista simple ]
| 000 -LEADER | |
|---|---|
| campo de control de longitud fija | 01294nam a2200325 i 4500 |
| 001 - NÚMERO DE CONTROL | |
| campo de control | 196656 |
| 003 - IDENTIFICADOR DE NÚMERO DE CONTROL | |
| campo de control | ES-MaACL |
| 005 - FECHA Y HORA DE LA ÚLTIMA TRANSACCIÓN | |
| campo de control | 20260216183929.0 |
| 008 - DATOS DE LONGITUD FIJA--INFORMACIÓN GENERAL | |
| campo de control de longitud fija | 241015b2024 sp ||||| |||| 00| 0 spa d |
| 017 ## - NÚMERO DE COPYRIGHT O DE DEPÓSITO LEGAL | |
| Número de copyright o de depósito legal | CC 000180-2024 |
| Agencia que asigna | Oficina Depósito Legal Cáceres |
| 020 ## - NÚMERO INTERNACIONAL ESTÁNDAR DEL LIBRO | |
| Número Internacional Estándar del Libro | 97884129192219 |
| 040 ## - FUENTE DE CATALOGACIÓN | |
| Lengua de catalogación | spa |
| Centro/agencia transcriptor | ES-MaACL |
| 245 ## - MENCIÓN DEL TÍTULO | |
| Título | Diego García de Paredes : |
| Resto del título | Vida y hazañas del fundador de Trujillo (Venezuela) / |
| Mención de responsabilidad, etc. | José Antonio Ramos Rubio, Raúl Gómez Ferreira |
| 260 ## - PUBLICACIÓN, DISTRIBUCIÓN, ETC. | |
| Lugar de publicación, distribución, etc. | Cáceres : |
| Nombre del editor, distribuidor, etc. | Tau editores, |
| Fecha de publicación, distribución, etc. | 2024 |
| 264 ## - PRODUCCIÓN, PUBLICACIÓN, DISTRIBUCIÓN, FABRICACIÓN Y COPYRIGHT | |
| Producción, publicación, distribución, fabricación y copyright | ©2024 |
| 300 ## - DESCRIPCIÓN FÍSICA | |
| Extensión | 120 paginas ; |
| Dimensiones | 23 cm |
| 336 ## - TIPO DE CONTENIDO | |
| Fuente | rdacontent |
| Término de tipo de contenido | texto |
| 337 ## - TIPO DE MEDIO | |
| Fuente | rdamedia |
| Nombre/término del tipo de medio | sin mediación |
| 338 ## - TIPO DE SOPORTE | |
| Fuente | rdacarrier |
| Nombre/término del tipo de soporte | volumen |
| 600 14 - PUNTO DE ACCESO ADICIONAL DE MATERIA--NOMBRE DE PERSONA | |
| 9 (RLIN) | 174378 |
| Nombre de persona | García de Paredes, Diego, |
| Fechas asociadas al nombre | 1466-1530 |
| 651 #4 - PUNTO DE ACCESO ADICIONAL DE MATERIA--NOMBRE GEOGRÁFICO | |
| Nombre geográfico | Trujillo (Venezuela)- |
| Subdivisión general | Historia |
| 9 (RLIN) | 241363 |
| 700 1# - ENTRADA AGREGADA--NOMBRE PERSONAL | |
| Nombre de persona | Ramos Rubio, José Antonio, |
| Fechas asociadas al nombre | 1963- |
| Término indicativo de función/relación | Autor |
| 9 (RLIN) | 174430 |
| 700 1# - ENTRADA AGREGADA--NOMBRE PERSONAL | |
| 9 (RLIN) | 236629 |
| Nombre de persona | Gómez Ferreira, Raúl |
| Término indicativo de función/relación | Autor |
| 852 ## - LOCALIZACIÓN | |
| Ubicación | ES-MaACL |
| Número de control de estantería | N-10168 |
| Donativo/Legado | Donación: José Antonio Ramos Rubio |
| Encuadernación | Encuadernación rústica |
| Ubicación en estantería | Depósito J |
| itemnumber | 206295 |
| 903 ## - NOMBRE PERSONAL DE DONANTE | |
| a | Ramos Rubio, José Antonio, |
| d | 1963- |
| e | Donante |
| 9 | 174430 |
| 942 ## - ELEMENTOS DE ENTRADA SECUNDARIOS (KOHA) | |
| Tipo de ítem Koha | Libro impreso |
| Suprimir en OPAC | No |
| Estatus retirado | Estado de pérdida | Fuente del sistema de clasificación o colocación | Estado de daño | No para préstamo | Biblioteca de origen | Biblioteca actual | Ubicación en estantería | Fecha de adquisición | Fuente de adquisición | Total de préstamos | Signatura topográfica completa | Código de barras | Visto por última vez | Precio de reemplazo | Tipo de ítem Koha |
|---|---|---|---|---|---|---|---|---|---|---|---|---|---|---|---|
| Clasificación decimal universal | Biblioteca del Ateneo de Madrid | Biblioteca del Ateneo de Madrid | Depósito J | 20/07/2025 | Donación | N-10168 | 2025-0680 | 20/07/2025 | 20/07/2025 | Libro impreso |
